Ekonomické aspekty péče o děti v rodinách

Bibliographic Details
Main Author: Ducháčková, Eva, 1958- (Author)
Format: Article
Language:Slovak
Subjects:

MARC

LEADER 00000nab a2200000 a 4500
001 vtls000358387
003 SK-MaSNL
005 20260302223646.0
008 111201c1989 xo 0 slo
015 |a SNBRB19rr/mm-uuuuu 
035 |a CL0358509 
040 |a SNKBUCL  |b slo  |c SNKBUCL  |e AACR2 
041 0 |a slo 
044 |a xo  |c SK 
080 |a 362.55  |2 1981 
100 1 |a Ducháčková, Eva,  |d 1958-  |4 aut  |9 111045 
245 1 0 |a Ekonomické aspekty péče o děti v rodinách  |c Eva Ducháčková 
650 0 7 |a rodiny s deťmi  |2 snkbucl  |9 4142 
650 0 7 |a zabezpečenie hmotné  |2 snkbucl  |9 880819 
655 7 |a články z novín a časopisov  |2 snkbucl  |9 267496 
773 0 |t Sociálna politika  |g Roč. 15, č. 8 (1989), s. 6-7 
850 |a Slovenská národná knižnica v Martine  |a MTA001 
852 |a SNK  |b KIS3GCP 
958 |a RK 
992 |a RBX 
999 |c 1521284  |d 1523214